Dutch train stations - Drenthe - Statistics

General Stats
  • This quiz has been taken 226 times
  • The average score is 7 of 9
Answer Stats
Company Answer % Correct
NS Assen
100%
Arriva (Blauwnet) Emmen
98%
NS Meppel
94%
NS Hoogeveen
93%
Arriva (Blauwnet) Coevorden
81%
NS Beilen
80%
Arriva (Blauwnet) Emmen Zuid
65%
Arriva (Blauwnet) Nieuw Amsterdam
64%
Arriva (Blauwnet) Dalen
48%
No matching quizzes found
Score Distribution
Percent of People with Each Score
Percentile by Number Answered
Your Score History
You have not taken this quiz